Βιβλίο δραστηριοτήτων για το νηπιαγωγείο : βιβλίο νηπιαγωγού
Αποθηκεύτηκε σε:
| Άλλοι συγγραφείς: | |
|---|---|
| Μορφή: | Βιβλίο |
| Γλώσσα: | Greek |
| Δημοσίευση: |
Αθήνα :
Ο.Ε.Δ.Β.,
1990
|
| Θέματα: | |
| Ετικέτες: |
Προσθήκη ετικέτας
Δεν υπάρχουν, Καταχωρήστε ετικέτα πρώτοι!
|
MARC
| LEADER | 00000nam a2200000 i 4500 | ||
|---|---|---|---|
| 001 | 1/81497 | ||
| 008 | 980921s1990 gre d | ||
| 035 | |l 10033706 | ||
| 040 | |a GR-MY-UA |b gre |e aacr | ||
| 041 | 0 | |a gre | |
| 082 | 0 | |a 372.133209495 | |
| 245 | 1 | 0 | |a Βιβλίο δραστηριοτήτων για το νηπιαγωγείο : |b βιβλίο νηπιαγωγού / |c Βενιζέλου Γεωργία ... [κ.ά.] |
| 260 | |a Αθήνα : |b Ο.Ε.Δ.Β., |c 1990 | ||
| 300 | |a 359 σ. | ||
| 500 | |a Ανω του τίτλου: Υπουργείο Εθνικής Παιδείας και Θρησκευμάτων. Παιδαγωγικό Ινστιτούτο. | ||
| 650 | 0 | 0 | |a Education, Preschool |z Greece. |
| 650 | 0 | 0 | |a Activity programs in education |z Greece. |
| 650 | 0 | 0 | |a Kindergarten facilities |z Greece. |
| 700 | 1 | |a Βενιζέλου, Γεωργία. | |
| 852 | |a INST |b RHODES |e 19980921 |h 372.133209495 ΒΙΒ |p 005400001863 |q 005400001863 |t BK |y 0 | ||
| 852 | |a INST |b RHODES |e 19980921 |h 372.133209495 ΒΙΒ |p 005400001864 |q 005400001864 |t BK |y 0 | ||
| 852 | |a INST |b RHODES |e 19980921 |h 372.133209495 ΒΙΒ |p 005400001865 |q 005400001865 |t BK |y 620 | ||
| 852 | |a INST |b RHODES |e 19980921 |h 372.133209495 ΒΙΒ |p 005400001866 |q 005400001866 |t BK |y 620 | ||
| 852 | |a INST |b RHODES |e 19980921 |h 372.133209495 ΒΙΒ |p 005400001867 |q 005400001867 |t BK |y 620 | ||
| 852 | |a INST |b RHODES |e 19980921 |h 372.133209495 ΒΙΒ |p 005400001868 |q 005400001868 |t BK |y 620 | ||
| 852 | |a INST |b RHODES |e 19980921 |h 372.133209495 ΒΙΒ |p 005400001870 |q 005400001870 |t BK |y 620 | ||
| 852 | |a INST |b RHODES |e 19980921 |h 372.133209495 ΒΙΒ |p 005400001871 |q 005400001871 |t BK |y 620 | ||
| 852 | |a INST |b RHODES |e 19980921 |h 372.133209495 ΒΙΒ |p 005400021827 |q 005400021827 |t BK |y 620 | ||
| 852 | |a INST |b RHODES |e 19980921 |h 372.133209495 ΒΙΒ |p 005400021828 |q 005400021828 |t BK |y 620 | ||
| 909 | |a Ρ |b 020486 |c 1991 | ||
| 909 | |a Ρ |b 020487 |c 1991 | ||
| 909 | |a Ρ |b 020488 |c 1991 | ||
| 909 | |a Ρ |b 020489 |c 1991 | ||
| 909 | |a Ρ |b 020490 |c 1991 | ||
| 909 | |a Ρ |b 020491 |c 1991 | ||
| 909 | |a Ρ |b 020492 |c 1991 | ||
| 909 | |a Ρ |b 020493 |c 1991 | ||
| 909 | |a Ρ |b 020494 |c 1991 | ||
| 909 | |a Ρ |b 020495 |c 1991 | ||
| 922 | |a 4ΔΩΡ |b 199109 |c ΔΩΡΕΑ | ||